Score 0/20 Timer 03:00
0 Plays Today
Show Missing Word % Correct
The Last Man on _____Earth
90%
Minority _____Report
82.7%
Difficult _____People
78.9%
Truth Be _____Told
78.1%
Fresh Off the _____Boat
75.4%
Better Call _____Saul
72.9%
Unbreakable _____ SchmidtKimmy
67%
_____ Ex-GirlfriendCrazy
62.3%
Scream _____Queens
62%
_____ RobotMr.
57.5%
Show Missing Word % Correct
_____, Me and the ApocalypseYou
56%
_____ MedChicago
52.3%
The _____ O'NealsReal
48.2%
Master of _____None
46.6%
Jessica _____Jones
44.7%
_____ KenDr.
43.5%
Ash vs _____ DeadEvil
40.5%
_____ and FrankieGrace
34.6%
_____ CarterAgent
33.6%
_____ BlackCode
26.8%

Today's Daily Dose

Remove Ads.
Support Sporcle.
Get the best of Sporcle when you Go Orange. This ad-free experience offers more features, more stats, and more fun while also helping to support Sporcle. Thank you for becoming a member.

You're not logged in!

Compare scores with friends on all Sporcle quizzes.
OR
Log In

Show Comments

Extras

Top Quizzes Today


Score Distribution

Your Account Isn't Verified!

In order to create a playlist on Sporcle, you need to verify the email address you used during registration. Go to your Sporcle Settings to finish the process.

Report this User

Report this user for behavior that violates our Community Guidelines.

Details: